| 000 | 00665nam a2200217Ii 4500 | ||
|---|---|---|---|
| 003 | JO-AjNU | ||
| 008 | 230606s9999||||xx |||||||||||||| ||und|| | ||
| 020 | _a0-201-63448-1 | ||
| 040 |
_aJO-AjNU _beng _erda _cJO-AjNU |
||
| 041 | _aeng | ||
| 050 | 1 | 4 | _aTK5105.543.P43.2000 |
| 100 | 3 |
_aPerlman , Radia, _eauthor _9769 |
|
| 245 | 0 | 0 | _aInterconnections Second Edition Bridges, Routers, Switches, and interneworking Protocols |
| 250 | _a2 ed | ||
| 264 | 3 | 1 | _aBoston:Addison -wesley, 2000 |
| 300 | _a535p | ||
| 336 |
_atext _btxt _2rdacontent |
||
| 337 |
_aunmediated _bn _2rdamedia |
||
| 338 |
_avolume _bnc _2rdacarrier |
||
| 650 | 4 |
_acomputer network protocols _9770 |
|
| 999 |
_aE405 _c405 _d405 |
||